A comparative study of the problems of male and female pubescents in Southville International School / (Record no. 96099)
[ view plain ]
| 000 -LEADER | |
|---|---|
| fixed length control field | 00955nam a2200229 a 4500 |
| 003 - CONTROL NUMBER IDENTIFIER | |
| control field | 0 |
| 005 - DATE AND TIME OF LATEST TRANSACTION | |
| control field | 20250623110533.0 |
| 008 - FIXED-LENGTH DATA ELEMENTS--GENERAL INFORMATION | |
| fixed length control field | 021022s19uu xx 00 eng d |
| 050 ## - LIBRARY OF CONGRESS CALL NUMBER | |
| Classification number | PGS HQ 796 |
| Item number | .T161 1996 |
| 100 ## - MAIN ENTRY--PERSONAL NAME | |
| Personal name | Tan, Jaymie Trisha L. |
| 245 ## - TITLE STATEMENT | |
| Title | A comparative study of the problems of male and female pubescents in Southville International School / |
| Statement of responsibility, etc | Tan, Jaymie Trisha L. |
| 260 ## - PUBLICATION, DISTRIBUTION, ETC. (IMPRINT) | |
| Place of publication, distribution, etc | Las Piñas City, Philippines : |
| Name of publisher, distributor, etc | Southville International School and Colleges, |
| Date of publication, distribution, etc | 1996. |
| 300 ## - PHYSICAL DESCRIPTION | |
| Extent | 56 pages : |
| Other physical details | colored illustrations ; |
| Dimensions | 28 cm. |
| 504 ## - BIBLIOGRAPHY, ETC. NOTE | |
| Bibliography, etc | Includes bibliographical references. |
| 650 ## - SUBJECT ADDED ENTRY--TOPICAL TERM | |
| Topical term or geographic name as entry element | Adolescence. |
| 650 ## - SUBJECT ADDED ENTRY--TOPICAL TERM | |
| Topical term or geographic name as entry element | Teenagers |
| Form subdivision | Social conditions. |
| 650 ## - SUBJECT ADDED ENTRY--TOPICAL TERM | |
| Topical term or geographic name as entry element | Sex differences in adolescence. |
| 650 ## - SUBJECT ADDED ENTRY--TOPICAL TERM | |
| Topical term or geographic name as entry element | Students |
| Form subdivision | Psychology. |
| 650 ## - SUBJECT ADDED ENTRY--TOPICAL TERM | |
| Topical term or geographic name as entry element | Puberty |
| Form subdivision | Psychological aspects. |
| 856 ## - ELECTRONIC LOCATION AND ACCESS | |
| Uniform Resource Identifier | <a href="http://library.southville.edu.ph:8080/jspui/bitstream/123456789/45/1/Mini%20Thesis%20Jaymie%20Trisha%20L.%20Tan.pdf">http://library.southville.edu.ph:8080/jspui/bitstream/123456789/45/1/Mini%20Thesis%20Jaymie%20Trisha%20L.%20Tan.pdf</a> |
| 942 ## - ADDED ENTRY ELEMENTS (KOHA) | |
| Source of classification or shelving scheme | Library of Congress Classification |
| Koha item type | PASS |
| Withdrawn status | Lost status | Source of classification or shelving scheme | Damaged status | Home library | Current library | Shelving location | Date acquired | Source of acquisition | Total Checkouts | Full call number | Barcode | Date last seen | Price effective from | Koha item type |
|---|---|---|---|---|---|---|---|---|---|---|---|---|---|---|
| Library of Congress Classification | Luxembourg Library | Luxembourg Library | Portfolio Assessment of SISC Students Section | 11/27/2002 | Donation | PGS HQ 796 .T161 1996 | P0002 | 04/08/2014 | 04/08/2014 | PASS |